000 00774nam a2200253Ia 4500
003 OSt
005 20220925205801.0
006 a|||||r|||| 00| 0
007 ta
008 220923b |||||||| |||| 00| 0 eng d
020 _a0333374177
037 _cGeneral Book
040 _aRTL
_cRTL
_beng
041 _2eng
_aeng
082 _aX9(J:438:55).1.N8, M6
100 _aBoardman Robert
_9271004
245 0 _aPesticies in world agriculture
_b The politics of in
260 _aHoundmills
_bMacmillan
_c1986
300 _ax, 221p. Bib p. 189-91
_ccm.
490 _aMacmillan Intermantional Political Economy Series
650 _aSoil Industry
942 _hX9(J:438:55).1.N8, M6
_cGB
_2CC
999 _c553185
_d553185